Perfektstämme I (1-14) - regelmäßig - Statistiken

Allgemein
  • Dieses Quiz wurde 3 mal gespielt
  • Das Durchschnittsergebnis liegt bei 35 aus 48
Antwortstatistiken
Infinitiv Perfekt % Korrekt
aedificare aedificavi
100%
amare amavi
100%
ambulare ambulavi
100%
appropinquare appropinquavi
100%
audire audivi
100%
clamare clamavi
100%
cogitare cogitavi
100%
intrare intravi
100%
invitare invitavi
100%
narrare narravi
100%
necare necavi
100%
punire punivi
100%
regnare regnavi
100%
scire scivi
100%
servare servavi
100%
spectare spectavi
100%
tolerare toleravi
100%
carere carui
67%
delectare delectavi
67%
donare donavi
67%
expugnare expugnavi
67%
exspectare exspectavi
67%
habitare habitavi
67%
imperare imperavi
67%
interrogare interrogavi
67%
laborare laboravi
67%
laudare laudavi
67%
liberare liberavi
67%
monstrare monstravi
67%
navigare navigavi
67%
occupare occupavi
67%
oppugnare oppugnavi
67%
parare paravi
67%
portare portavi
67%
properare properavi
67%
pugnare pugnavi
67%
superare superavi
67%
terrere terrui
67%
timere timui
67%
vocare vocavi
67%
debere debui
33%
docere docui
33%
dormire dormivi
33%
habere habui
33%
monere monui
33%
parere parui
33%
placere placui
33%
prohibere prohibui
33%
Keine übereinstimmenden Quizze gefunden
Verteilung der Resultate
Anzahl Personen mit jedem Resultat
Perzentil nach korrekt beantworteten Fragen
Ihre Resultats-Entwicklung
Sie haben dieses Quiz noch nicht gespielt